El indio en el ensayo de la América española /

書目詳細資料
格式: 圖書
語言:Spanish
出版: Quito: Ediciones Abya-Yala, 1994.
版:Cuarta edición.
主題:

MARC

LEADER 00000cam a2200000 i 4500
003 Ucuenca
005 20231110062821.0
006 a||||gr|||| 001 0
007 ta
008 993071s1994 ec gr|||| 0|1|||spa|a
020 |a 9978-04-068-4 
040 |b spa  |a UCuenca-cdrjbv  |c UCuenca  |e rda 
041 0 |a spa 
082 0 |2 22  |a E864.4  |c 352218 
245 0 3 |a El indio en el ensayo de la América española /   |c Antonio Sacoto. 
250 |a Cuarta edición. 
264 1 |a Quito:   |b Ediciones Abya-Yala,   |c 1994. 
300 |a 201 páginas:   |c 21 cm 
336 |2 rdacontent  |a texto  |b txt 
337 |2 rdamedia  |a no mediado  |b n 
338 |2 rdacarrier  |a volumen  |b nc 
504 |a incl. bibind. 
650 1 7 |9 911  |a Ensayo ecuatoriano  |2 UCuenca-cdrjbv 
650 1 0 |a Literatura ecuatoriana  |9 307 
651 |2 UCuenca-cdrjbv 
852 |a UC-CDJBV  |f Donación  |l 1  |m General  |p 19930713  |q 2,000  |r 8  |t 45105  |b 0  |d CDRC  |e CDRC  |g E864.4 TERCER PISO  |z 1993-30-71 
942 |c BK  |2 ddc 
999 |c 158560  |d 158560